[Event "Czech Open-Rapid 2022"]
[Site "Pardubice"]
[Date "2022.07.21"]
[Round "9.33"]
[White "Hrabal, Matej"]
[Black "Zdrazil, Tomas"]
[Result "0-1"]
[WhiteElo "1950"]
[BlackElo "2122"]
[Annotator "NA"]
[PlyCount "132"]
[EventDate "2022.07.20"]
[EventType "swiss"]
[EventCountry "CZE"]
[SourceTitle "playchess.com"]
[Source "ChessBase"]
[SourceQuality "1"]

1. e4 c5 2. Nf3 d6 3. d4 cxd4 4. Nxd4 Nf6 5. Nc3 a6 6. f3 e5 7. Nb3 Be6 8. Nd5 Nxd5 9. exd5 Bc8 10. Be3 Be7 11. Qd2 O-O 12. Be2 Bh4+ 13. g3 Be7 14. O-O-O b5 15. f4 Bf6 16. fxe5 Bxe5 17. Nd4 Bb7 18. Bf3 Qc7 19. Kb1 Nd7 20. Nc6 Rfe8 21. Rhe1 Rac8 22. Bg2 Bxc6 23. dxc6 Nb8 24. Bh3 Rcd8 25. Qf2 Qxc6 26. Bb6 Nd7 27. Bxd8 Rxd8 28. Qd2 Re8 29. Bxd7 Qxd7 30. Qd5 Qc7 31. g4 Rc8 32. Re2 h6 33. h4 Qc4 34. Qxc4 Rxc4 35. Rg2 Rb4 36. c3 Re4 37. Kc2 h5 38. Rdg1 hxg4 39. Rxg4 Re2+ 40. Kb3 f5 41. R4g2 Re4 42. Rh1 Kf7 43. h5 Ke6 44. Kc2 f4 45. Kd3 Re3+ 46. Kd2 Kd5 47. Re2 Rg3 48. Rf2 Ke4 49. Re1+ Kf5 50. Rh1 Ke4 51. h6 gxh6 52. Rxh6 f3 53. Rh4+ Bf4+ 54. Ke1 Ke3 55. Rf1 Rg2 56. Rh3 Bg3+ 57. Kd1 Rd2+ 58. Kc1 Rg2 59. b3 Rxa2 60. Kb1 Rg2 61. c4 bxc4 62. bxc4 Ke2 63. Rhh1 f2 64. Rc1 Bf4 65. Rcd1 Be3 66. Rhf1 Rg1 0-1

[Event "Czech Open-Rapid 2022"]
[Site "Pardubice"]
[Date "2022.07.21"]
[Round "9.34"]
[White "Freibergs, Andrejs"]
[Black "Meszaros, Ludek"]
[Result "0-1"]
[WhiteElo "1574"]
[BlackElo "2049"]
[Annotator "NA"]
[PlyCount "87"]
[EventDate "2022.07.20"]
[EventType "swiss"]
[EventCountry "CZE"]
[SourceTitle "playchess.com"]
[Source "ChessBase"]
[SourceQuality "1"]

1. Nf3 g6 2. d4 Bg7 3. c4 d6 4. Nc3 Nf6 5. e4 O-O 6. h3 Nbd7 7. Be3 e5 8. d5 a5 9. Be2 Nc5 10. Nd2 c6 11. O-O cxd5 12. cxd5 b6 13. a3 Ba6 14. b4 Bxe2 15. Qxe2 Ncd7 16. Nb5 Ne8 17. Rac1 f5 18. f3 axb4 19. axb4 Ra2 20. Qc4 Ra8 21. Qc6 Rf7 22. Rc2 Rb8 23. Ra1 Ndf6 24. Ra6 Rfb7 25. Rca2 fxe4 26. Nxe4 Nxe4 27. fxe4 Qh4 28. Bf2 Qxe4 29. Nxd6 Qb1+ 30. Kh2 Rc7 31. Qxe8+ Rxe8 32. Nxe8 Rc1 33. R2a3 Rh1+ 34. Kg3 Qf5 35. Be3 h5 36. Nxg7 Kxg7 37. Ra7+ Kf6 38. R7a6 Qb1 39. Bxb6 h4+ 40. Kxh4 Qe4+ 41. g4 Qc4 42. Bc5+ Kg7 43. Ra7+ Kf6 44. R7a6+ 0-1

[Event "Czech Open-Rapid 2022"]
[Site "Pardubice"]
[Date "2022.07.21"]
[Round "9.35"]
[White "Rakhmangulova, Iulia"]
[Black "Mojzis, Jaroslav"]
[Result "0-1"]
[WhiteElo "1904"]
[BlackElo "2108"]
[Annotator "NA"]
[PlyCount "94"]
[EventDate "2022.07.20"]
[EventType "swiss"]
[EventCountry "CZE"]
[SourceTitle "playchess.com"]
[Source "ChessBase"]
[SourceQuality "1"]

1. e4 e5 2. Bc4 Nf6 3. d4 exd4 4. Nf3 Nc6 5. O-O Nxe4 6. Re1 d5 7. Bxd5 Qxd5 8. Nc3 Qd7 9. Nxe4 Be7 10. b3 O-O 11. Bb2 Rd8 12. Nfg5 h6 13. Nf3 Qd5 14. h3 Be6 15. a3 a5 16. Qd3 Ne5 17. Nxe5 Qxe5 18. Rad1 c5 19. Qb5 Qc7 20. a4 Bd5 21. Ba3 b6 22. Qd3 Bf8 23. Ng3 g6 24. Ne4 Bg7 25. Bc1 Re8 26. Nc3 Bc6 27. Nb5 Qd7 28. Na3 Rxe1+ 29. Rxe1 Re8 30. Rxe8+ Qxe8 31. Bd2 Qe4 32. Qxe4 Bxe4 33. f3 Bf5 34. g4 Be6 35. Bf4 d3 36. c4 g5 37. Bd2 Bd4+ 38. Kf1 Kf8 39. Nb5 Be5 40. Ke1 Bg3+ 41. Kd1 Bd7 42. Nc3 Bc6 43. Ne4 Be5 44. Ke1 Ke7 45. Kf2 Bd4+ 46. Be3 Bxe4 47. Bxd4 d2 0-1

[Event "Czech Open-Rapid 2022"]
[Site "Pardubice"]
[Date "2022.07.21"]
[Round "9.36"]
[White "Jares, Michal"]
[Black "Koupil, Stepan"]
[Result "1-0"]
[WhiteElo "2208"]
[BlackElo "1450"]
[Annotator "ChessBase"]
[PlyCount "79"]
[EventDate "2022.07.20"]
[EventType "swiss"]
[EventCountry "CZE"]
[SourceTitle "playchess.com"]
[Source "ChessBase"]
[SourceQuality "1"]

1. d4 d5 2. Nf3 Nf6 3. g3 e6 4. Bg2 Be7 5. O-O O-O 6. c4 b6 7. cxd5 Nxd5 8. e4 Nf6 9. Nc3 Bb7 10. Re1 c5 11. Bf4 cxd4 12. Nxd4 Bc5 13. Ndb5 Nbd7 14. Nd6 Bc6 15. a3 e5 16. Be3 Bxe3 17. Rxe3 Nc5 18. Nf5 Bb7 19. b4 Qxd1+ 20. Rxd1 Ne6 21. Nd5 Ng4 22. Ree1 Rad8 23. Bh3 Nf6 24. Nde7+ Kh8 25. Nd6 Ng5 26. Nxb7 Nxh3+ 27. Kg2 Rxd1 28. Rxd1 Ng5 29. f3 h6 30. Nc6 Rc8 31. Rd8+ Rxd8 32. Nbxd8 a6 33. h4 Ne6 34. Nxf7+ Kg8 35. Nfxe5 Nc7 36. Nc4 Nb5 37. a4 Nc3 38. Nxb6 Ne8 39. Ne7+ Kf7 40. Ned5 1-0

[Event "Czech Open-Rapid 2022"]
[Site "Pardubice"]
[Date "2022.07.21"]
[Round "9.37"]
[White "Stocek, Martin"]
[Black "Kavalir, Jan"]
[Result "1/2-1/2"]
[WhiteElo "1851"]
[BlackElo "1987"]
[Annotator "TA"]
[PlyCount "93"]
[EventDate "2022.07.20"]
[EventType "swiss"]
[EventCountry "CZE"]
[SourceTitle "playchess.com"]
[Source "ChessBase"]
[SourceQuality "1"]

1. d4 Nf6 2. c4 g6 3. Nc3 d5 4. Bf4 Bg7 5. e3 O-O 6. Nf3 c5 7. Rc1 cxd4 8. exd4 Nc6 9. Bd3 Bg4 10. Be2 e6 11. O-O dxc4 12. Bxc4 Bxf3 13. Qxf3 Qxd4 14. Nb5 Qe4 15. Nd6 Qxf3 16. gxf3 e5 17. Bg3 Rab8 18. f4 Nh5 19. fxe5 Nxe5 20. Bxe5 Bxe5 21. Nxf7 Rxf7 22. Rfe1 Bf6 23. Red1 Kg7 24. Bxf7 Kxf7 25. Rc7+ Ke6 26. Rxh7 Bxb2 27. Rdd7 Nf4 28. Rxb7 Rxb7 29. Rxb7 Bd4 30. Kf1 Bb6 31. a4 Nd3 32. f3 Nc5 33. Rg7 Kf6 34. Rg8 Nxa4 35. Ke2 Nc5 36. h4 Ne6 37. Rh8 Nf4+ 38. Kd2 Kg7 39. Rc8 Ng2 40. Rc4 Kh6 41. Rg4 Ne3 42. Re4 Nf5 43. Rg4 Bf2 44. Ke2 Bb6 45. Kd2 Nd4 46. Ke3 Nf5+ 47. Kd2 1/2-1/2

[Event "Czech Open-Rapid 2022"]
[Site "Pardubice"]
[Date "2022.07.21"]
[Round "9.38"]
[White "Kotva, Milan"]
[Black "Dobrowolski, Kamil"]
[Result "1-0"]
[WhiteElo "1833"]
[BlackElo "1458"]
[Annotator "NA COMBH"]
[PlyCount "131"]
[EventDate "2022.07.20"]
[EventType "swiss"]
[EventCountry "CZE"]
[SourceTitle "playchess.com"]
[Source "ChessBase"]
[SourceQuality "1"]

1. e4 c5 2. Nf3 Nc6 3. Bb5 d6 4. c3 Nf6 5. d3 e6 6. O-O Be7 7. h3 a6 8. Ba4 b5 9. Bc2 d5 10. e5 Nd7 11. d4 f6 12. exf6 Nxf6 13. a4 b4 14. dxc5 Bxc5 15. Bg5 O-O 16. Qd3 h6 17. Bh4 e5 18. Qd2 e4 19. Nd4 Nxd4 20. cxd4 Bd6 21. Bb3 Bb7 22. Qe3 Rc8 23. Nd2 Qc7 24. Bxf6 Rxf6 25. Qxe4 Bh2+ 26. Kh1 Qd6 27. Qd3 Kh8 28. Nf3 Bf4 29. Rae1 a5 30. Rg1 Ba6 31. Qd1 Rc1 32. Qxc1 Bxc1 33. Rxc1 Qd7 34. Bd1 Qd8 35. Re1 Rf8 36. Kg1 Re8 37. Ne5 Kg8 38. Bf3 Bc4 39. Re3 Qg5 40. b3 Bxb3 41. Rc6 Bxa4 42. Bxd5+ Kh7 43. Be4+ Kg8 44. Rg3 Qxg3 45. fxg3 Bxc6 46. Bxc6 Rb8 47. Bd5+ Kh8 48. Bb3 Ra8 49. Ba4 Kg8 50. Kf2 Kf8 51. Ke3 Ke7 52. Kd3 Ke6 53. Bb3+ Kd6 54. Nc4+ Kc6 55. Ba4+ Kc7 56. d5 b3 57. d6+ Kd8 58. Bxb3 a4 59. Ba2 Rb8 60. Kd4 Rb5 61. Ne5 Rb2 62. Be6 Rd2+ 63. Kc5 Rc2+ 64. Kb4 Rd2 65. Nf7+ Ke8 66. d7+ 1-0

[Event "Czech Open-Rapid 2022"]
[Site "Pardubice"]
[Date "2022.07.21"]
[Round "9.39"]
[White "Lev, Lukas"]
[Black "Pacl, Vaclav"]
[Result "0-1"]
[WhiteElo "1679"]
[BlackElo "2036"]
[Annotator "TA"]
[PlyCount "62"]
[EventDate "2022.07.20"]
[EventType "swiss"]
[EventCountry "CZE"]
[SourceTitle "playchess.com"]
[Source "ChessBase"]
[SourceQuality "1"]

1. Nf3 d5 2. g3 Nd7 3. Bg2 e5 4. d3 Bd6 5. O-O Ngf6 6. e4 dxe4 7. dxe4 Nxe4 8. Nxe5 Nxf2 9. Nxf7 Nxd1 10. Nxd8 Bc5+ 11. Kh1 Nf2+ 12. Rxf2 Bxf2 13. Ne6 Bb6 14. Bf4 Nf6 15. Ng5 O-O 16. Nc3 h6 17. Nge4 Nxe4 18. Bxe4 c6 19. Re1 Bh3 20. Bg6 Bf5 21. Bh5 Rad8 22. Re7 Rd7 23. Rxd7 Bxd7 24. Ne4 Bh3 25. Be2 Re8 26. Bd3 Kh8 27. Bd2 Bd4 28. Nd6 Rf8 29. Bc4 b5 30. Bd3 Rf2 31. Ne4 Bg2+ 0-1

[Event "Czech Open-Rapid 2022"]
[Site "Pardubice"]
[Date "2022.07.21"]
[Round "9.40"]
[White "Kovalskyi, Roman"]
[Black "Kroulik, Vaclav"]
[Result "1-0"]
[WhiteElo "2056"]
[BlackElo "1749"]
[Annotator "NA"]
[PlyCount "85"]
[EventDate "2022.07.20"]
[EventType "swiss"]
[EventCountry "CZE"]
[SourceTitle "playchess.com"]
[Source "ChessBase"]
[SourceQuality "1"]

1. e4 c5 2. d4 cxd4 3. c3 d3 4. Bxd3 Nc6 5. Nf3 d6 6. O-O Bg4 7. Bf4 g6 8. h3 Bd7 9. Qe2 Bg7 10. Rd1 Nf6 11. e5 dxe5 12. Nxe5 Nxe5 13. Bxe5 O-O 14. Nd2 Qb6 15. Nc4 Qe6 16. Rd2 Bc6 17. Re1 Nd5 18. Qd1 Bxe5 19. Nxe5 Qf6 20. Ng4 Qg7 21. Be4 e6 22. Bxd5 Bxd5 23. Ne3 Bc6 24. Nc4 Bd5 25. Ne5 f6 26. Nd3 Bc4 27. Nc5 Qe7 28. Nxe6 Bxe6 29. Rd6 Rfe8 30. Rdxe6 Qxe6 31. Rxe6 Rxe6 32. Qd5 Rae8 33. Qxb7 Re1+ 34. Kh2 R8e7 35. Qd5+ Kf8 36. Qd8+ Kg7 37. c4 R7e2 38. Qd7+ Re7 39. Qd4 Kf7 40. c5 R1e4 41. Qd5+ Ke8 42. c6 Kf8 43. c7 1-0

[Event "Czech Open-Rapid 2022"]
[Site "Pardubice"]
[Date "2022.07.21"]
[Round "9.42"]
[White "Babulova, Mariana"]
[Black "Postl, Petr"]
[Result "0-1"]
[WhiteElo "1631"]
[BlackElo "1900"]
[Annotator "TA"]
[PlyCount "115"]
[EventDate "2022.07.20"]
[EventType "swiss"]
[EventCountry "CZE"]
[SourceTitle "playchess.com"]
[Source "ChessBase"]
[SourceQuality "1"]

1. e4 d6 2. d4 Nf6 3. Nc3 g6 4. f4 Bg7 5. Nf3 O-O 6. g3 c5 7. Bg2 Bg4 8. d5 Na6 9. h3 Bxf3 10. Qxf3 Qb6 11. Ne2 Nd7 12. c3 c4 13. Rb1 Nac5 14. Be3 f5 15. exf5 Rxf5 16. O-O Ne5 17. Qf2 Ned3 18. Bxc5 dxc5 19. Qe3 Qd6 20. g4 Rf7 21. Be4 Nxf4 22. Nxf4 Bh6 23. Qe2 Bxf4 24. Qxc4 Raf8 25. Qe2 Qf6 26. Bg2 Qh4 27. Rf3 Bd6 28. Rbf1 Rxf3 29. Rxf3 Rxf3 30. Qxf3 Qe1+ 31. Qf1 Qe3+ 32. Qf2 Bh2+ 33. Kf1 Qc1+ 34. Qe1 Qf4+ 35. Qf2 Qc4+ 36. Qe2 Qf4+ 37. Qf2 Qd6 38. Qe3 Be5 39. Qe2 Kg7 40. Qf3 g5 41. Qf5 Bg3 42. Be4 Qf4+ 43. Qxf4 gxf4 44. c4 h6 45. b3 b6 46. Ke2 Kf6 47. Bf5 Ke5 48. Kd3 f3 49. Be4 f2 50. Bg2 Kf4 51. Ke2 Bh4 52. a3 a5 53. b4 cxb4 54. axb4 axb4 55. Kd3 Bf6 56. Bf1 b3 57. Kd2 b2 58. Bd3 0-1

[Event "Czech Open-Rapid 2022"]
[Site "Pardubice"]
[Date "2022.07.21"]
[Round "9.43"]
[White "Chrz, Pavel"]
[Black "Fiala, Jan"]
[Result "1-0"]
[WhiteElo "1986"]
[BlackElo "2019"]
[Annotator "TA"]
[PlyCount "87"]
[EventDate "2022.07.20"]
[EventType "swiss"]
[EventCountry "CZE"]
[SourceTitle "playchess.com"]
[Source "ChessBase"]
[SourceQuality "1"]

1. e4 c6 2. d4 d5 3. Nc3 dxe4 4. Nxe4 Bf5 5. Ng3 Bg6 6. Nf3 Nd7 7. h4 h6 8. h5 Bh7 9. Bd3 Bxd3 10. Qxd3 Ngf6 11. Bf4 e6 12. O-O-O Be7 13. Ne5 Nxe5 14. Bxe5 Bd6 15. Bxf6 Qxf6 16. Ne4 Qe7 17. Kb1 O-O 18. g4 Bf4 19. g5 hxg5 20. h6 g6 21. h7+ Kh8 22. Rde1 Rad8 23. Qc3 Rd5 24. Qc4 Rfd8 25. c3 Rc8 26. Qe2 Rcd8 27. Qf3 b6 28. Qh3 f5 29. Ng3 g4 30. Qg2 Bxg3 31. Qxg3 R8d7 32. Re5 Qf6 33. Rxd5 exd5 34. Qb8+ Qd8 35. Qe5+ Rg7 36. Rh6 Qf8 37. Kc1 f4 38. Rxg6 Kxh7 39. Qh5+ Kg8 40. Rh6 Rh7 41. Rxh7 Qf6 42. Rh6 Qe7 43. Rg6+ Kf8 44. Qh8+ 1-0

[Event "Czech Open-Rapid 2022"]
[Site "Pardubice"]
[Date "2022.07.21"]
[Round "9.44"]
[White "Svoboda, Petr"]
[Black "Nespurek, Jan"]
[Result "0-1"]
[WhiteElo "2088"]
[BlackElo "1571"]
[Annotator "NA"]
[PlyCount "112"]
[EventDate "2022.07.20"]
[EventType "swiss"]
[EventCountry "CZE"]
[SourceTitle "playchess.com"]
[Source "ChessBase"]
[SourceQuality "1"]

1. Nf3 d5 2. b3 Nf6 3. Bb2 g6 4. g3 Bg7 5. Bg2 Nc6 6. d4 O-O 7. O-O Bf5 8. Nh4 Be6 9. Nd2 Qd7 10. Re1 Bh3 11. Bh1 Ng4 12. e3 e5 13. f3 Nh6 14. c3 g5 15. Ng2 f5 16. Qe2 a6 17. Qf2 e4 18. f4 Bxg2 19. Bxg2 gxf4 20. Qxf4 Ng4 21. Qg5 Kh8 22. Qh5 Rf6 23. h3 Rh6 24. Qg5 Nf6 25. Qf4 Nh5 26. Qf2 Rg6 27. Nf1 Rg8 28. g4 fxg4 29. h4 g3 30. Qe2 Qg4 31. Qxg4 Rxg4 32. c4 Ne7 33. Ba3 Bf6 34. Bxe7 Bxe7 35. cxd5 Rxh4 36. Rac1 Bd6 37. Nd2 Nf6 38. Re2 Rg5 39. Nc4 Nxd5 40. Rf1 Kg7 41. Na5 b6 42. Nc4 Rhg4 43. Bh3 Rh4 44. Bg2 Rh2 45. Nd2 Nc3 46. Ree1 h5 47. Nxe4 Nxe4 48. Bxe4 h4 49. a4 h3 50. Rf5 Rxf5 51. Bxf5 Kf6 52. Be4 Rb2 53. Rf1+ Kg7 54. Rb1 Rd2 55. Rf1 g2 56. Rf5 h2# 0-1